Los cambios de la vegetación del pastizal. (Registro nro. 18064)
[ vista simple ]
| 000 -CABECERA | |
|---|---|
| Campo de control | 00995nam a22002417a 4500 |
| 005 - FECHA Y HORA DE LA ULTIMA TRANSACCION | |
| Campo de control | 20180803170217.0 |
| 008 - ELEMENTOS DE LONGITUD FIJA—INFORMACION GENERAL | |
| Campo de control | 160201b2013 ag ao |r|||| 00| 0 spa d |
| 020 ## - ISBN | |
| ISBN | 9789874531605 |
| 040 ## - FUENTE DE CATALOGACIÓN | |
| Agencia catalogadora original | CO-BoIAVH |
| Agencia transcriptora | CO-BoIAVH |
| 041 0# - IDIOMA | |
| Código de idioma para texto/pista de sonido o título separado | Español |
| 044 ## - PAÍS DE PUBLICACIÓN | |
| País de publicación | Colombia |
| 082 04 - NUMERO DE CLASIFICACION DECIMAL DEWEY | |
| Número de clasificación | 578.74 |
| Número del ítem | M33c |
| 100 1# - ASIENTO PRINCIPAL--NOMBRE PERSONAL | |
| Nombre personal | Marino, Gustavo D. |
| 9 (RLIN) | 55368 |
| 245 14 - MENCION DE TITULO | |
| Título | Los cambios de la vegetación del pastizal. |
| Parte restante del título | La base para aplicar buenas prácticas ganaderas productivas y conservacionistas / |
| Mención de responsabilidad | por Gustavo D. Marino, María Florencia Morales y Leandro Sosa |
| 260 ## - PUBLICACION, DISTRIBUCION, ETC. (PIE DE IMPRENTA) | |
| Lugar de publicación, distribución, etc. | Buenos Aires (Argentina) : |
| Nombre del editor, distribuidor, etc. | Aves Argentinas - Asociación Ornitológica del Plata : |
| -- | Fundación Vida Silvestre Argentina, |
| Fecha de publicación, distribución, etc. | 2013. |
| 300 ## - DESCRIPCION FISICA | |
| Extensión | 20 páginas : |
| Otros detalles físicos | ilustraciones, fotografías a color ; |
| Dimensiones | 21 x 15 cm. |
| 650 #6 - ASIENTO SECUNDARIO DE MATERIA - TERMINO TEMATICO | |
| Término temático o nombre geográfico como elemento de entrada | Pastizales |
| 9 (RLIN) | 100483 |
| 650 #6 - ASIENTO SECUNDARIO DE MATERIA - TERMINO TEMATICO | |
| Término temático o nombre geográfico como elemento de entrada | Ganadería |
| Subdivisión general | Buenas prácticas |
| 9 (RLIN) | 56224 |
| 650 #6 - ASIENTO SECUNDARIO DE MATERIA - TERMINO TEMATICO | |
| Término temático o nombre geográfico como elemento de entrada | Forrajes |
| 9 (RLIN) | 56225 |
| 700 1# - ASIENTO SECUNDARIO - NOMBRE PERSONAL | |
| Nombre personal | Morales, María Florencia |
| 9 (RLIN) | 56226 |
| 700 1# - ASIENTO SECUNDARIO - NOMBRE PERSONAL | |
| Nombre personal | Sosa, Leandro Leonel |
| 9 (RLIN) | 56227 |
| 942 ## - ELEMENTOS ADICIONALES (KOHA) | |
| Sistema de clasificación | Dewey Decimal Classification |
| Tipo de ítem | Folleto |
| Withdrawn status | Lost status | Sistema de Clasificación | Damaged status | No para préstamo | Colección | Inventariado | Ubicación Permanente | Ubicación actual | Fecha de adquisición | Total Checkouts | Número topográfico | Inventario / Código de Barras | Date last seen | Ejemplar | Price effective from | Forma de adquisición | Tipo de material |
|---|---|---|---|---|---|---|---|---|---|---|---|---|---|---|---|---|---|
| Dewey Decimal Classification | General | Inventariado 2017 | Bogotá | Bogotá | 01/02/2016 | LB-578.74 M33c | 039654 | 01/02/2016 | Ej. 1 | 01/02/2016 | Folleto |